| 000 | 00000nam##2200000za#4500 |
| 001 | 9.699143 |
| 003 | CaOODSP |
| 005 | 20210625000240 |
| 007 | cr ||||||||||| |
| 008 | 150407|2007||||xxc|||||o f|0| 0 eng|d |
| 040 | |aCaOODSP|beng |
| 043 | |an-cn--- |
| 086 | 1 |aCH4-161/2007E-PDF |
| 110 | 1 |aCanada. |bCanadian Heritage. |
| 245 | 10|aFinal report - Trade Routes client satisfaction survey / |h[electronic resource]|c[prepared by] Phoenix Strategic Perspectives Inc. |
| 246 | 1 |aTrade Routes Program - 2007 Satisfaction Survey |
| 260 | |aOttawa - Ontario : |bCanadian Heritage |cDecember 2007. |
| 300 | |a266p.|bfigs., graphs, tables |
| 500 | |a"POR Number: POR-155-07 Contract Number:C1111-070401-001/CY Award Date: September 6th 2007 Fieldwork Completion Date: November 16th, 2007" |
| 590 | |a14-07-Supp|b2014-04-03 |
| 690 | 07|aInternational trade|2gcpds |
| 775 | 08|tRapport final - sondage sur la satisfaction des clients de Routes commerciales / |w(CaOODSP)9.643135 |
| 856 | 40|ahttp://publications.gc.ca|qPDF|s1.38 MB|uhttps://publications.gc.ca/collections/collection_2014/pc-ch/CH4-161-2007-eng.pdf |